| 000 | 01404nam a2200217Ia 4500 | ||
|---|---|---|---|
| 999 |
_c8719 _d8719 |
||
| 005 | 20230725153455.0 | ||
| 008 | 230725s9999 xx 000 0 und d | ||
| 020 | _a968-25-0741-3 | ||
| 040 |
_aUPAN _cBiblioteca San Vicente _eRCAA2 |
||
| 041 | _aspa | ||
| 082 |
_a371.102 _bT359e _c1987 |
||
| 100 |
_aAry, Donald _4aut. |
||
| 245 | 0 |
_aIntroducción a la investigación pedagógica/ _cDonald Ary, Lucy Cheser Jacobs |
|
| 250 | _a2° ed. | ||
| 260 |
_aMéxico: _bInteramericana, _c1987 |
||
| 300 |
_a410 p.; _c23 cm. |
||
| 505 | _aPrimera parte: fundamentos 1. El método científico en la educación Segunda parte: datos esenciales de la investigación 2. El problema de la investigación 3. Literatura sobre el tema de estudio 4. La hipótesis tercera parte: Análisis estadístico 5. Estadística descriptiva 6. Muestreo inferencial o estadístico Cuarta parte: Instrumento de investigación 7. Fundamentos de medición 8. Validez y confiabilidad Quinta parte: Métodos de investigación 9. Investigación experimental y educación 10. Investigación Ex Post Facto 11. Investigación descriptiva Sexta parte: Comunicación de la investigación 12. Normas para redactar proyectos de investigación 13. Análisis, interpretación y comunicación de los resultados | ||
| 650 |
_2LEMB _vInvestigación _xPedagogía _93 |
||
| 700 |
_aRazavieh, Asghar _4aut. |
||
| 942 |
_cBK _2ddc |
||